Name a tennis Grand Slam winner A-Z - Statistics

General Stats
  • This quiz has been taken 139 times
  • The average score is 16 of 21
Answer Stats
Letter Grand Slam tournament winners % Correct
N Rafael Nadal | Ilie Nastase | Martina Navratilova | + 3 more
96%
A Andre Agassi | Bianca Andreescu | Arthur Ashe | + 2 more
95%
B Sue Barker | Marion Bartoli | Ashleigh Barty | + 3 more
94%
C Jennifer Capriati | Pat Cash | Michael Chang | + 6 more
93%
F Roger Federer | Juan Carlos Ferrero
93%
W Virginia Wade | Stanislas Wawrinka | Mats Wilander | + 3 more
93%
D Lindsay Davenport | Juan Martin Del Potro | Novak Djokovic
91%
S Gabriela Sabatini | Marat Safin | Pete Sampras | + 9 more
90%
M Iva Majoli | Hana Mandlikova | Conchita Martinez | + 9 more
89%
H Simona Halep | Ann HaydonJones | Justine Henin | + 2 more
83%
K Yevgeny Kafelnikov | Sofia Kenin | Angelique Kerber | + 9 more
82%
L Rod Laver | Ivan Lendl | Na Li
80%
E Stefan Edberg | Mark Edmondson | Chris Evert
76%
G Gaston Gaudio | Vitas Gerulaitis | Andres Gimeno | + 3 more
75%
O Chris O'Neil | Manuel Orantes | Naomi Osaka | + 1 more
73%
R Emma Raducanu | Patrick Rafter | Nancy Richey | + 3 more
66%
I Goran Ivanisevic | Ana Ivanovic
55%
T Roscoe Tanner | Brian Teacher | Dominic Thiem
54%
P Adriano Panatta | Flavia Pennetta | Mary Pierce
39%
V Guillermo Vilas
38%
J Mima Jausovec | Thomas Johansson | Barbara Jordan
29%
No matching quizzes found
Score Distribution
Percent of People with Each Score
Percentile by Number Answered
Your Score History
You have not taken this quiz